Entry Nombre personal
001 - NÚMERO DE CONTROL
- campo de control: 1134
003 - IDENTIFICADOR DE NÚMERO DE CONTROL
- campo de control: DLC
005 - FECHA Y HORA DE LA ÚLTIMA TRANSACCIÓN
- campo de control: 20260425110034.0
008 - ELEMENTOS DE DATO DE LONGITUD-FIJA
- campo de control de longitud fija: 800718n| azannaabn |b aaa
010 ## - NÚMERO DE CONTROL DE LA BIBLIOTECA DEL CONGRESO
- Número de control de LC: n 50025409
- Número de control de LC cancelado o no válido: no 00016081
035 ## - NÚMERO DE CONTROL DEL SISTEMA
- Número de control de sistema: (OCoLC)oca00060807
040 ## - FUENTE DE CATALOGACIÓN
- Centro catalogador/agencia de origen: DLC
- Lengua de catalogación: eng
- Normas de descripción: rda
- Centro/agencia transcriptor: DLC
- Centro/agencia modificador: NNU
- Centro/agencia modificador: DNGA
- Centro/agencia modificador: DLC
- Centro/agencia modificador: CCSC
- Centro/agencia modificador: DLC
- Centro/agencia modificador: OCoLC
046 ## - FECHAS CON CODIFICACIÓN ESPECIAL
- Fecha de nacimiento: 1909
- Fecha de la muerte: 2002-12-26
- Fuente del esquema de fecha: edtf
100 1# - ENCABEZAMIENTO-NOMBRE DE PERSONA
- Nombre de persona: Fremantle, Anne,
- Fechas asociadas al nombre: 1909-2002
370 ## - LUGAR ASOCIADO
- Lugar de nacimiento: Savoie (France)
- Fuente del término: naf
372 ## - CAMPO DE ACTIVIDAD
- Campo de actividad: Religion
- Fuente del término: lcsh
400 1# - TRAZADO DE VÉASE--NOMBRE DE PERSONA
- Nombre de persona: Jackson, Anne,
- Fechas asociadas al nombre: 1909-2002
400 1# - TRAZADO DE VÉASE--NOMBRE DE PERSONA
- Nombre de persona: Farmāntal, Ān,
- Fechas asociadas al nombre: 1909-2002
400 1# - TRAZADO DE VÉASE--NOMBRE DE PERSONA
- Nombre de persona: Firmāntil, Ān,
- Fechas asociadas al nombre: 1909-2002
400 1# - TRAZADO DE VÉASE--NOMBRE DE PERSONA
- Nombre de persona: Frimāntil, Ān,
- Fechas asociadas al nombre: 1909-2002
400 1# - TRAZADO DE VÉASE--NOMBRE DE PERSONA
- Nombre de persona: فرمانتل، آن
670 ## - FUENTE DE DATOS ENCONTRADOS
- Cita de la fuente: Her The Wynne diaries, 1935- :
- Información encontrada: t.p. (Anne Fremantle)
670 ## - FUENTE DE DATOS ENCONTRADOS
- Cita de la fuente: N.Y. times, Dec. 28, 2002
- Información encontrada: (Anne Fremantle; essayist, author and scholar of religion; b. Anne-Marie Huth Jackson to titled English parents in Savoie, France; moved to U.S. in 1942 and became U.S. citizen in 1947; returned to England after nearly 50 years in Manhattan; d. on Thursday [Dec. 26] in London, aged 93)
670 ## - FUENTE DE DATOS ENCONTRADOS
- Cita de la fuente: LC database, July 11, 2011
- Información encontrada: (hdg.: Fremantle, Anne Jackson, 1909- ; usage: Anne Fremantle [predominant form], Anne Jackson)
670 ## - FUENTE DE DATOS ENCONTRADOS
- Cita de la fuente: ʻAṣr-i iʻtiqād, 1966:
- Información encontrada: t.p. (آن فرمانتل = Ān Frimāntil)